| 000 | 00431nab a2200145Ia 4500 | ||
|---|---|---|---|
| 003 | ES-SlBCS | ||
| 005 | 20210601124954.0 | ||
| 008 | 140529s1988 xxu||||| |||| 00| 0 eng d | ||
| 041 | _aeng | ||
| 100 | 1 |
_aWilsmore, S. J. _9152061 |
|
| 245 | 0 | 0 |
_aParadigms and Masterpieces: Rationality Art and Science _c S. J. Wilsmore |
| 650 | 0 | 4 |
_aArte _91831 |
| 773 | 0 |
_tMonist, the _gvol. 71, nº. 2, 1988, págs. 171-182 _wRev1667 |
|
| 942 | _cAR | ||
| 999 |
_c522605 _d522605 |
||